| 000 | 01086nam a2200193Ii 4500 | ||
|---|---|---|---|
| 003 | JO-AjNU | ||
| 008 | 230605s9999||||xx |||||||||||||| ||und|| | ||
| 040 |
_aJO-AjNU _bara _erda _cJO-AjNU |
||
| 041 | _aara | ||
| 050 | 1 | 4 | _aDS37.2 S4912.1983 |
| 100 | 3 |
_aتأليف سزكين، فؤاد؛ ترجمة محمود فهمي حجازي، راجعه عرفة مصطفى، سعيدعبدالرحيم, _eauthor _927231 |
|
| 245 | 0 | 0 | _aتاريخ التراث العربي : الشعر، العصر العباسي( مصر، المغرب ، الأندلس) |
| 264 | 3 | 1 | _aالرياض: إدارة الثقافة والنشر في جامعة الإمام محمد بن سعود الإسلامية، 1983 |
| 300 | _aم2،ج5، 329ص | ||
| 336 |
_atext _btxt _2rdacontent |
||
| 337 |
_aunmediated _bn _2rdamedia |
||
| 338 |
_avolume _bnc _2rdacarrier |
||
| 650 | 4 |
_aالعلوم عند العرب -- ببليوجرافيات -- التراث العربي -- ببليوجرافيات -- الببليوجرافيات العامة -- المخطوطات العربية -- ببليوجرافيات _927232 |
|
| 999 |
_aA10419 _c13987 _d13987 |
||